[Event "RUS-ch (Women) 66th"]
[Site "Novosibirsk"]
[Date "2016.10.25"]
[Round "9"]
[White "Ubiennykh, Ekaterina"]
[Black "Kosteniuk, Alexandra"]
[Result "0-1"]
[WhiteElo "2346"]
[BlackElo "2537"]
[PlyCount "110"]
[EventDate "2016.10.16"]
[EventType "tourn"]
[EventRounds "11"]
[EventCountry "RUS"]
[EventCategory "8"]
[SourceTitle "EXT 2018"]
[Source "ChessBase"]
[SourceDate "2017.10.13"]
[SourceVersion "1"]
[SourceVersionDate "2017.10.13"]
[SourceQuality "1"]

1. d4 Nf6 2. c4 e6 3. Nc3 Bb4 4. e3 O-O 5. Nge2 d5 6. a3 Be7 7. cxd5 exd5 8.
Nf4 c6 9. Bd3 Na6 10. O-O Nc7 11. Bc2 b6 12. f3 c5 13. Rf2 Bd6 14. Nce2 Re8 15.
Bd2 Bb7 16. b4 c4 17. g4 Nd7 18. Rg2 Ne6 19. Qe1 Bxf4 20. exf4 Nxd4 21. Nxd4
Rxe1+ 22. Rxe1 c3 23. Bxc3 Qc7 24. Bb2 Nf8 25. f5 Bc8 26. Re8 Bb7 27. Re3 Rc8
28. Bd3 Qf4 29. Rge2 h5 30. gxh5 Nh7 31. Re7 Ng5 32. Rxb7 Nh3+ 33. Kg2 Qh4 34.
Ne6 fxe6 35. Rxg7+ Kf8 36. Rg4 Nf4+ 37. Rxf4 Qxf4 38. fxe6 Ke7 39. Be5 Qg5+ 40.
Bg3 Rc3 41. Bg6 d4 42. f4 Qg4 43. Rf2 d3 44. f5 Rc2 45. f6+ Kxe6 46. Bxd3 Rxf2+
47. Kxf2 Qxh5 48. Ke3 Qh6+ 49. Kd4 Qxf6+ 50. Kc4 Qb2 51. Be1 b5+ 52. Kxb5 Qe5+
53. Ka6 Qxe1 54. Bc4+ Kd6 55. Ka5 Qc3 0-1

[Event "RUS-ch (Women) 66th"]
[Site "Novosibirsk"]
[Date "2016.10.26"]
[Round "10"]
[White "Kosteniuk, Alexandra"]
[Black "Ovod, Evgenija"]
[Result "1-0"]
[WhiteElo "2537"]
[BlackElo "2362"]
[PlyCount "182"]
[EventDate "2016.10.16"]
[EventType "tourn"]
[EventRounds "11"]
[EventCountry "RUS"]
[EventCategory "8"]
[SourceTitle "EXT 2018"]
[Source "ChessBase"]
[SourceDate "2017.10.13"]
[SourceVersion "1"]
[SourceVersionDate "2017.10.13"]
[SourceQuality "1"]

1. e4 e6 2. d4 d5 3. Nc3 Bb4 4. e5 Ne7 5. a3 Bxc3+ 6. bxc3 b6 7. Qg4 Ng6 8. h4
h5 9. Qd1 Ba6 10. Bg5 Qd7 11. Bxa6 Nxa6 12. Ne2 Qa4 13. O-O Ne7 14. Ng3 g6 15.
Bf6 Rg8 16. Re1 Kd7 17. Qd2 Nc6 18. Re3 Na5 19. Rf3 Nc4 20. Qc1 Kc8 21. Bg5 Rg7
22. Ne2 Kb7 23. Nf4 Rc8 24. Nh3 c5 25. Qb1 Rc7 26. Qb3 Qe8 27. a4 Na5 28. Qb5
Qc8 29. Bh6 Rh7 30. Bd2 Ka8 31. Be1 Nb8 32. Ng5 Rg7 33. Rf6 Qb7 34. Bd2 Nc4 35.
Bf4 cxd4 36. cxd4 Nc6 37. Rd1 a6 38. Qb3 Rg8 39. Bc1 Rd8 40. Rd3 Ka7 41. c3
Rdd7 42. Rdf3 Nd8 43. Nh7 Rc8 44. Qd1 b5 45. Ng5 Rcc7 46. Kh2 Qc6 47. a5 Rb7
48. Nh7 Qc7 49. Bh6 b4 50. cxb4 Rxb4 51. Bf8 Rb5 52. Qc1 Qxa5 53. Ng5 Rbb7 54.
Qf4 Qe1 55. Bc5+ Ka8 56. Rd3 Qe2 57. Rc3 a5 58. Rc1 Qb2 59. Ne4 a4 60. Nd6 a3
61. Rxc4 dxc4 62. Nxc4 Qb3 63. Nxa3 Nc6 64. Qc1 Qa4 65. Nc4 Nxd4 66. Nb6+ Rxb6
67. Bxb6 Nc6 68. Rf4 Qb5 69. Bc5 Nxe5 70. Qa1+ Kb7 71. Qxe5 Kc6 72. Qc3 Qxc5
73. Rc4 Qxc4 74. Qxc4+ Kd6 75. Qb4+ Ke5 76. Qb2+ Kf5 77. f3 e5 78. Qc1 Rd6 79.
g4+ hxg4 80. Qg5+ Ke6 81. fxg4 Ra6 82. h5 Ra2+ 83. Kg1 Ra1+ 84. Kf2 Ra2+ 85.
Ke1 Rh2 86. hxg6 fxg6 87. Qxg6+ Kd5 88. Qd3+ Ke6 89. Qf5+ Kd5 90. g5 Kd4 91.
Qg4+ Kd5 1-0

[Event "RUS-ch (Women) 66th"]
[Site "Novosibirsk"]
[Date "2016.10.27"]
[Round "11"]
[White "Charochkina, Daria"]
[Black "Kosteniuk, Alexandra"]
[Result "1/2-1/2"]
[WhiteElo "2366"]
[BlackElo "2537"]
[PlyCount "118"]
[EventDate "2016.10.16"]
[EventType "tourn"]
[EventRounds "11"]
[EventCountry "RUS"]
[EventCategory "8"]
[SourceTitle "EXT 2018"]
[Source "ChessBase"]
[SourceDate "2017.10.13"]
[SourceVersion "1"]
[SourceVersionDate "2017.10.13"]
[SourceQuality "1"]

1. d4 Nf6 2. Nf3 e6 3. Bf4 b6 4. e3 Bb7 5. Bd3 c5 6. h3 Nc6 7. c3 cxd4 8. exd4
Be7 9. O-O O-O 10. Qe2 Re8 11. Nbd2 d6 12. Bh2 Bf8 13. Rfe1 a6 14. Qf1 Ne7 15.
a4 Ng6 16. Bc2 Qd7 17. Qd3 b5 18. Ng5 Qc6 19. f3 Be7 20. h4 Rac8 21. axb5 axb5
22. Nde4 Nxe4 23. Nxe4 Nf8 24. h5 h6 25. Re2 Qd5 26. Rae1 Ba6 27. g4 Qc6 28. b4
Bb7 29. Rg2 f5 30. gxf5 exf5 31. Ng3 Bh4 32. Rf1 Bxg3 33. Bxg3 Qxc3 34. Bxd6
Ne6 35. Be5 Ng5 36. Qxf5 Qe3+ 37. Kh2 Rxe5 38. Qxe5 Nxf3+ 39. Rxf3 Qxe5+ 40.
dxe5 Bxf3 41. Bb3+ Kh8 42. Rd2 Bxh5 43. e6 g5 44. Rd7 Re8 45. Kg3 Be2 46. Bd5
h5 47. Rf7 Bd3 48. Rc7 Bc4 49. Bxc4 bxc4 50. e7 c3 51. b5 c2 52. Rxc2 Rxe7 53.
Kf3 g4+ 54. Kf4 Rg7 55. b6 Rf7+ 56. Kg5 g3 57. Kxh5 Rb7 58. Rc8+ Kg7 59. Rc7+
Rxc7 1/2-1/2

[Event "BL 1617 (Women)"]
[Site "Germany"]
[Date "2017.01.21"]
[Round "3.1"]
[White "Kosteniuk, Alexandra"]
[Black "Javakhishvili, Lela"]
[Result "1/2-1/2"]
[WhiteElo "2537"]
[BlackElo "2461"]
[PlyCount "69"]
[EventDate "2016.10.22"]
[EventType "team-tourn"]
[EventRounds "11"]
[EventCountry "GER"]
[SourceTitle "EXT 2018"]
[Source "ChessBase"]
[SourceDate "2017.10.13"]
[SourceVersion "1"]
[SourceVersionDate "2017.10.13"]
[SourceQuality "1"]
[WhiteTeam "Baden-Baden (W)"]
[BlackTeam "Schwaebisch Hall (W)"]
[WhiteTeamCountry "GER"]
[BlackTeamCountry "GER"]

1. e4 c5 2. Nf3 e6 3. d4 cxd4 4. Nxd4 Nc6 5. Nc3 a6 6. Be2 Qc7 7. O-O Nf6 8.
Be3 Be7 9. f4 d6 10. Qe1 O-O 11. Kh1 Nxd4 12. Bxd4 b5 13. Qg3 Bb7 14. a3 Bc6
15. Rad1 g6 16. Bf3 Qb7 17. Rfe1 Rfd8 18. Rd3 Rac8 19. Qh3 b4 20. axb4 Qxb4 21.
Red1 Qb7 22. b3 Re8 23. Qh6 Bf8 24. Qh4 Nxe4 25. f5 Nxc3 26. Bxc6 Rxc6 27. Rh3
h6 28. Bxc3 e5 29. Rg3 d5 30. fxg6 Rxg6 31. Rxg6+ fxg6 32. Qf6 Qf7 33. Bxe5
Qxf6 34. Bxf6 Rc8 35. Rxd5 1/2-1/2

[Event "BL 1617 (Women)"]
[Site "Germany"]
[Date "2017.01.22"]
[Round "4.1"]
[White "Naiditsch, Yuliya"]
[Black "Kosteniuk, Alexandra"]
[Result "0-1"]
[WhiteElo "2405"]
[BlackElo "2537"]
[PlyCount "142"]
[EventDate "2016.10.22"]
[EventType "team-tourn"]
[EventRounds "11"]
[EventCountry "GER"]
[SourceTitle "EXT 2018"]
[Source "ChessBase"]
[SourceDate "2017.10.13"]
[SourceVersion "1"]
[SourceVersionDate "2017.10.13"]
[SourceQuality "1"]
[WhiteTeam "Deizisau (W)"]
[BlackTeam "Baden-Baden (W)"]
[WhiteTeamCountry "GER"]
[BlackTeamCountry "GER"]

1. e4 c6 2. d4 d5 3. e5 Bf5 4. Nf3 e6 5. Be2 Ne7 6. O-O h6 7. Nbd2 Nd7 8. Nb3
Qc7 9. a4 a5 10. Bd2 g5 11. Ne1 c5 12. dxc5 Bg7 13. Bc3 Nxc5 14. Nxc5 Qxc5 15.
Bb5+ Kf8 16. Nd3 Qb6 17. Re1 Kg8 18. Qe2 Nc6 19. Reb1 d4 20. Bxc6 Bxd3 21. cxd3
dxc3 22. Bf3 c2 23. Qxc2 Bxe5 24. Ra3 Qb4 25. Qc4 Qxc4 26. dxc4 Rc8 27. b3 b6
28. Rd1 Kg7 29. Ra2 Bc3 30. Rd3 Bb4 31. Ra1 h5 32. Rad1 g4 33. Be2 Bc5 34. Rd7
Rh6 35. g3 Rch8 36. Bf1 Rf6 37. R1d2 e5 38. Bg2 Bd4 39. Kf1 h4 40. Kg1 hxg3 41.
hxg3 Rh5 42. Be4 Kf8 43. Rd8+ Ke7 44. Rg8 Rfh6 45. Bg2 f5 46. Rb8 Rd6 47. Bd5
Rd8 48. Rxd8 Kxd8 49. Kg2 Ke7 50. Bb7 Kd6 51. Bc8 Kc5 52. Rd3 Rg5 53. f4 gxf3+
54. Rxf3 f4 55. Kh3 Be3 56. gxf4 exf4 57. Be6 Rg1 58. Bd7 Kd4 59. Kh2 Rb1 60.
Rh3 Rb2+ 61. Kh1 Rxb3 62. Bb5 Ke4 63. Bc6+ Kd3 64. Bb5 Ke2 65. Rh2+ Ke1 66. Rh3
Rb1 67. Kg2 Ke2 68. c5+ Rxb5 69. Rxe3+ Kxe3 70. axb5 f3+ 71. Kg1 Ke2 0-1

[Event "BL 1617 (Women)"]
[Site "Germany"]
[Date "2017.03.04"]
[Round "5.1"]
[White "Kosteniuk, Alexandra"]
[Black "Endress, Anna"]
[Result "1-0"]
[WhiteElo "2537"]
[BlackElo "2122"]
[PlyCount "59"]
[EventDate "2016.10.22"]
[EventType "team-tourn"]
[EventRounds "11"]
[EventCountry "GER"]
[SourceTitle "EXT 2018"]
[Source "ChessBase"]
[SourceDate "2017.10.13"]
[SourceVersion "1"]
[SourceVersionDate "2017.10.13"]
[SourceQuality "1"]
[WhiteTeam "Baden-Baden (W)"]
[BlackTeam "Harksheide (W)"]
[WhiteTeamCountry "GER"]
[BlackTeamCountry "GER"]

1. e4 c5 2. Nf3 d6 3. Bb5+ Bd7 4. Bxd7+ Qxd7 5. d4 cxd4 6. Qxd4 Nc6 7. Qd3 Nf6
8. O-O g6 9. c4 Bg7 10. h3 Rc8 11. Nc3 O-O 12. Be3 Nb4 13. Qe2 Qc6 14. a3 Na6
15. Nd2 Nc5 16. Nd5 Qd7 17. Rab1 b6 18. Nxf6+ Bxf6 19. b4 Ne6 20. Qd3 Rfd8 21.
f4 Qc6 22. Rfc1 Nc7 23. Nf3 e6 24. Bd4 Bxd4+ 25. Nxd4 Qd7 26. b5 d5 27. Nc6
dxe4 28. Qxe4 Rf8 29. Rd1 Qe8 30. Qd4 1-0

[Event "BL 1617 (Women)"]
[Site "Germany"]
[Date "2017.03.05"]
[Round "6.1"]
[White "Paehtz, Elisabeth"]
[Black "Kosteniuk, Alexandra"]
[Result "1/2-1/2"]
[WhiteElo "2459"]
[BlackElo "2537"]
[PlyCount "41"]
[EventDate "2016.10.22"]
[EventType "team-tourn"]
[EventRounds "11"]
[EventCountry "GER"]
[SourceTitle "EXT 2018"]
[Source "ChessBase"]
[SourceDate "2017.10.13"]
[SourceVersion "1"]
[SourceVersionDate "2017.10.13"]
[SourceQuality "1"]
[WhiteTeam "Hamburger SK (W)"]
[BlackTeam "Baden-Baden (W)"]
[WhiteTeamCountry "GER"]
[BlackTeamCountry "GER"]

1. Nf3 Nf6 2. g3 b6 3. Bg2 Bb7 4. c4 e6 5. O-O Be7 6. d3 d5 7. cxd5 Nxd5 8. Nc3
O-O 9. Nxd5 Bxd5 10. Bd2 c5 11. Bc3 Bf6 12. Qc2 Bxc3 13. bxc3 Qc7 14. a4 h6 15.
Rfb1 Nd7 16. a5 Bc6 17. axb6 axb6 18. c4 Qb7 19. Qb2 Rxa1 20. Rxa1 Ra8 21.
Rxa8+ 1/2-1/2

[Event "BL 1617 (Women)"]
[Site "Germany"]
[Date "2017.05.01"]
[Round "11.1"]
[White "Gunina, Valentina"]
[Black "Kosteniuk, Alexandra"]
[Result "0-1"]
[WhiteElo "2535"]
[BlackElo "2537"]
[PlyCount "104"]
[EventDate "2016.10.22"]
[EventType "team-tourn"]
[EventRounds "11"]
[EventCountry "GER"]
[SourceTitle "EXT 2018"]
[Source "ChessBase"]
[SourceDate "2017.10.13"]
[SourceVersion "1"]
[SourceVersionDate "2017.10.13"]
[SourceQuality "1"]
[WhiteTeam "Bad Koenigshofen (W)"]
[BlackTeam "Baden-Baden (W)"]
[WhiteTeamCountry "GER"]
[BlackTeamCountry "GER"]

1. d4 Nf6 2. c4 e6 3. Nf3 d5 4. g3 dxc4 5. Bg2 a6 6. O-O Nc6 7. Bg5 Be7 8. e3
O-O 9. Qe2 Nb4 10. Nbd2 b5 11. Ne5 Nfd5 12. Bxe7 Qxe7 13. a3 f6 14. Nexc4 Nc6
15. e4 Nxd4 16. Qd3 bxc4 17. Qxd4 Nb6 18. Nxc4 e5 19. Qc3 Nxc4 20. Qxc4+ Be6
21. Qc6 a5 22. Rac1 Ra7 23. f4 Bd7 24. Qd5+ Be6 25. Qc6 Bd7 26. Qc4+ Be6 27.
Qc3 exf4 28. gxf4 Qd6 29. Rcd1 Qb6+ 30. Kh1 c5 31. e5 fxe5 32. Qxe5 Bc4 33. Rd6
Qc7 34. Rc1 Bb3 35. Rxc5 Qf7 36. Qc3 a4 37. Rd4 Re7 38. h3 Qg6 39. Rg5 Qf6 40.
Be4 Rfe8 41. Qd3 Kh8 42. Rg4 Rxe4 43. Rxe4 Qc6 44. f5 Bd5 45. Kg1 Bxe4 46. Qd4
Qc7 47. f6 Bg6 48. fxg7+ Kg8 49. Kg2 Re2+ 50. Kf3 Rh2 51. Rh4 Qb7+ 52. Ke3 Qe7+
0-1

[Event "Khanty-Mansiysk FIDE GP (Women)"]
[Site "Khanty-Mansiysk"]
[Date "2016.11.20"]
[Round "2"]
[White "Kosteniuk, Alexandra"]
[Black "Khademalsharieh, Sarasadat"]
[Result "1/2-1/2"]
[WhiteElo "2555"]
[BlackElo "2435"]
[PlyCount "149"]
[EventDate "2016.11.19"]
[EventType "tourn"]
[EventRounds "11"]
[EventCountry "RUS"]
[EventCategory "10"]
[SourceTitle "CBM 176"]
[Source "ChessBase"]
[SourceDate "2017.01.17"]
[SourceVersion "1"]
[SourceVersionDate "2017.01.17"]
[SourceQuality "1"]

1. e4 e5 2. Nf3 Nc6 3. Bb5 a6 4. Ba4 Nf6 5. O-O Be7 6. Re1 b5 7. Bb3 d6 8. c3
O-O 9. h3 Bb7 10. d4 Re8 11. Nbd2 exd4 12. cxd4 Nd7 13. Rb1 Bf6 14. Nf1 Na5 15.
Bc2 c5 16. b4 cxb4 17. Rxb4 Rc8 18. a4 Qc7 19. Ne3 Bxe4 20. Bxe4 Rxe4 21. axb5
axb5 22. Rxb5 Nc4 23. Qd3 Qc6 24. Qb3 h6 25. Rf1 Ndb6 26. Ng4 Bxd4 27. Nxd4
Rxd4 28. Nxh6+ Kf8 29. Rf5 gxh6 30. Qc3 Re4 31. Bxh6+ Ke8 32. Qh8+ Kd7 33.
Rxf7+ Ke6 34. Qh7 Kd5 35. Rc1 Qe8 36. Qf5+ Qe5 37. Qf3 Kc6 38. Bf4 Qd5 39. Bxd6
Kxd6 40. Rd1 Rd4 41. Qf6+ Kc5 42. Qe7+ Qd6 43. Rxd4 Kxd4 44. Qg5 Re8 45. Qg7+
Kd5 46. f4 Nd2 47. Rf5+ Kc6 48. Qa1 Nb3 49. Qc3+ Nc5 50. Rf6 Re6 51. Rxe6 Qxe6
52. Qe5 Qf7 53. f5 Nc4 54. Qg3 Qd5 55. f6 Ne4 56. Qb8 Qd4+ 57. Kh1 Nxf6 58.
Qc8+ Kd5 59. Qd8+ Nd6 60. g4 Qf2 61. Qa8+ Ke6 62. Qg2 Qe1+ 63. Qg1 Qc3 64. g5
Qxh3+ 65. Qh2 Qf3+ 66. Qg2 Qh5+ 67. Kg1 Ng4 68. Qa2+ Kf5 69. Qd5+ Ne5 70. Qxd6
Qg4+ 71. Kf1 Qf4+ 72. Ke2 Qf3+ 73. Ke1 Qc3+ 74. Kd1 Ke4 75. Qd2 1/2-1/2

[Event "Khanty-Mansiysk FIDE GP (Women)"]
[Site "Khanty-Mansiysk"]
[Date "2016.11.21"]
[Round "3"]
[White "Batsiashvili, Nino"]
[Black "Kosteniuk, Alexandra"]
[Result "1-0"]
[WhiteElo "2489"]
[BlackElo "2555"]
[PlyCount "91"]
[EventDate "2016.11.19"]
[EventType "tourn"]
[EventRounds "11"]
[EventCountry "RUS"]
[EventCategory "10"]
[SourceTitle "CBM 176"]
[Source "ChessBase"]
[SourceDate "2017.01.17"]
[SourceVersion "1"]
[SourceVersionDate "2017.01.17"]
[SourceQuality "1"]

1. d4 Nf6 2. c4 e6 3. Nc3 Bb4 4. Qc2 d5 5. cxd5 exd5 6. Bf4 c6 7. h3 Ne4 8. e3
Qa5 9. Nge2 Bf5 10. Qc1 Nd7 11. a3 Be7 12. b4 Qd8 13. Nxe4 Bxe4 14. Nc3 Bg6 15.
Be2 O-O 16. O-O b5 17. e4 Nb6 18. exd5 Nxd5 19. Nxd5 Qxd5 20. Qe3 Be4 21. Rfe1
Bf6 22. Be5 Bxg2 23. Rac1 Bxe5 24. dxe5 Rfe8 25. Bg4 f6 26. e6 f5 27. Rc5 Qd6
28. Kxg2 fxg4 29. hxg4 a5 30. Qe4 axb4 31. Rxc6 Qd2 32. axb4 Ra7 33. Re2 Qd1
34. Re1 Qd2 35. Rc2 Qd6 36. Qc6 Qxc6+ 37. Rxc6 Rb7 38. f4 Kf8 39. f5 h6 40. Kf3
Rd8 41. Ke4 Ke7 42. Ke5 Ra8 43. Rec1 Kd8 44. Kd6 Rab8 45. e7+ Ke8 46. Rc8+ 1-0

[Event "Khanty-Mansiysk FIDE GP (Women)"]
[Site "Khanty-Mansiysk"]
[Date "2016.11.22"]
[Round "4"]
[White "Kosteniuk, Alexandra"]
[Black "Pogonina, Natalija"]
[Result "1-0"]
[WhiteElo "2555"]
[BlackElo "2492"]
[PlyCount "87"]
[EventDate "2016.11.19"]
[EventType "tourn"]
[EventRounds "11"]
[EventCountry "RUS"]
[EventCategory "10"]
[SourceTitle "CBM 176"]
[Source "ChessBase"]
[SourceDate "2017.01.17"]
[SourceVersion "1"]
[SourceVersionDate "2017.01.17"]
[SourceQuality "1"]

1. e4 e5 2. Nf3 Nc6 3. Bc4 Bc5 4. c3 Nf6 5. d3 a6 6. O-O d6 7. a4 O-O 8. Bg5 h6
9. Bh4 Ba7 10. Na3 Be6 11. Re1 Re8 12. b4 Nb8 13. Bxe6 Rxe6 14. Nc4 Nbd7 15. d4
Re8 16. Qc2 Qe7 17. Ne3 Qf8 18. dxe5 dxe5 19. Rad1 Re6 20. Nd5 Rc8 21. Re2 g5
22. Bg3 Nh5 23. Red2 Qe8 24. c4 a5 25. bxa5 Nxg3 26. hxg3 Kg7 27. Rb1 Nc5 28.
Ne3 Rd8 29. Nf5+ Kg6 30. Rd5 c6 31. Rdd1 Rd7 32. g4 Qd8 33. Rxd7 Qxd7 34. g3 f6
35. Kg2 Re8 36. Qc1 Rh8 37. Qh1 h5 38. Rd1 Qc7 39. Rd6 Kf7 40. Qd1 Bb8 41. gxh5
Qc8 42. h6 g4 43. Nxe5+ fxe5 44. Qxg4 1-0

[Event "Khanty-Mansiysk FIDE GP (Women)"]
[Site "Khanty-Mansiysk"]
[Date "2016.11.24"]
[Round "5"]
[White "Zhukova, Natalia"]
[Black "Kosteniuk, Alexandra"]
[Result "1/2-1/2"]
[WhiteElo "2448"]
[BlackElo "2555"]
[PlyCount "61"]
[EventDate "2016.11.19"]
[EventType "tourn"]
[EventRounds "11"]
[EventCountry "RUS"]
[EventCategory "10"]
[SourceTitle "CBM 176"]
[Source "ChessBase"]
[SourceDate "2017.01.17"]
[SourceVersion "1"]
[SourceVersionDate "2017.01.17"]
[SourceQuality "1"]

1. d4 Nf6 2. Bg5 e6 3. Nd2 c5 4. e3 Be7 5. c3 Nc6 6. dxc5 Bxc5 7. Ne4 Be7 8.
Nd6+ Bxd6 9. Qxd6 Qb6 10. Qa3 Ne4 11. Nf3 Nxg5 12. Nxg5 d5 13. O-O-O Bd7 14.
Be2 Ne5 15. Rd4 Rc8 16. Nf3 Nc6 17. Rd2 Na5 18. Ne5 Bb5 19. Qb4 Rc5 20. Qd4
Bxe2 21. b4 Rc8 22. Qxb6 axb6 23. Rxe2 Nc4 24. Nxc4 Rxc4 25. Kb2 b5 26. Ra1 Kd7
27. a4 Ra8 28. a5 Ra6 29. Rd1 Rac6 30. Rd3 Kc7 31. f3 1/2-1/2

[Event "Khanty-Mansiysk FIDE GP (Women)"]
[Site "Khanty-Mansiysk"]
[Date "2016.11.25"]
[Round "6"]
[White "Kosteniuk, Alexandra"]
[Black "Ju, Wenjun"]
[Result "1-0"]
[WhiteElo "2555"]
[BlackElo "2580"]
[PlyCount "97"]
[EventDate "2016.11.19"]
[EventType "tourn"]
[EventRounds "11"]
[EventCountry "RUS"]
[EventCategory "10"]
[SourceTitle "CBM 176"]
[Source "ChessBase"]
[SourceDate "2017.01.17"]
[SourceVersion "1"]
[SourceVersionDate "2017.01.17"]
[SourceQuality "1"]

1. e4 e5 2. Nf3 Nf6 3. d4 Nxe4 4. Bd3 d5 5. Nxe5 Nd7 6. O-O Nxe5 7. dxe5 Nc5 8.
f4 Nxd3 9. Qxd3 g6 10. Be3 Be7 11. Nc3 c6 12. Ne2 O-O 13. Ng3 Bh4 14. Bc5 Re8
15. Rae1 b6 16. Bd6 f5 17. Rd1 Be7 18. Bxe7 Qxe7 19. Rf2 Rd8 20. c3 c5 21. Rfd2
Bb7 22. Ne2 Rd7 23. h3 Qe6 24. Kh2 Rad8 25. Qe3 Qc6 26. Qf2 Kg7 27. b4 Kg8 28.
bxc5 bxc5 29. Ng1 d4 30. cxd4 cxd4 31. Nf3 d3 32. Ng5 Ba6 33. Qh4 Re8 34. Qh6
Ree7 35. Qh4 Qc7 36. Qg3 Rd8 37. Nf3 Qc4 38. h4 Bb5 39. h5 Kg7 40. Qh4 Kf8 41.
hxg6 hxg6 42. Rxd3 Rxd3 43. Rxd3 Qg8 44. Rd8+ Re8 45. Rd6 Bc4 46. Ng5 Re7 47.
Rd8+ Re8 48. Nh7+ Kg7 49. Qf6+ 1-0

[Event "Khanty-Mansiysk FIDE GP (Women)"]
[Site "Khanty-Mansiysk"]
[Date "2016.11.26"]
[Round "7"]
[White "Girya, Olga"]
[Black "Kosteniuk, Alexandra"]
[Result "1/2-1/2"]
[WhiteElo "2450"]
[BlackElo "2555"]
[PlyCount "86"]
[EventDate "2016.11.19"]
[EventType "tourn"]
[EventRounds "11"]
[EventCountry "RUS"]
[EventCategory "10"]
[SourceTitle "CBM 176"]
[Source "ChessBase"]
[SourceDate "2017.01.17"]
[SourceVersion "1"]
[SourceVersionDate "2017.01.17"]
[SourceQuality "1"]

1. d4 Nf6 2. c4 e6 3. Nf3 Bb4+ 4. Bd2 Qe7 5. g3 Bxd2+ 6. Qxd2 Nc6 7. b3 d5 8.
Bg2 Ne4 9. Qe3 Qb4+ 10. Nfd2 Nxd2 11. Nxd2 O-O 12. O-O Rd8 13. Rfd1 a5 14. a3
Qe7 15. Nf3 Bd7 16. Qc3 Be8 17. Re1 Qd6 18. e3 f6 19. Rec1 Bf7 20. cxd5 exd5
21. Qc5 Qd7 22. b4 Rdc8 23. Ne1 Ne7 24. Nd3 b6 25. Qc3 Ra7 26. Nf4 axb4 27.
Qxb4 Rca8 28. Bh3 Qe8 29. Rc3 Nc6 30. Qb1 Na5 31. Bg2 Rd8 32. e4 dxe4 33. Bxe4
g6 34. d5 Qe5 35. Rc1 Nb3 36. Qxb3 Qxe4 37. Re1 Bxd5 38. Nxd5 Qxd5 39. Qb4 Qc5
40. Qf4 c6 41. Qxf6 Rf8 42. Qb2 Raf7 43. Re2 b5 1/2-1/2

[Event "Khanty-Mansiysk FIDE GP (Women)"]
[Site "Khanty-Mansiysk"]
[Date "2016.11.27"]
[Round "8"]
[White "Kosteniuk, Alexandra"]
[Black "Khotenashvili, Bela"]
[Result "1-0"]
[WhiteElo "2555"]
[BlackElo "2426"]
[PlyCount "155"]
[EventDate "2016.11.19"]
[EventType "tourn"]
[EventRounds "11"]
[EventCountry "RUS"]
[EventCategory "10"]
[SourceTitle "CBM 176"]
[Source "ChessBase"]
[SourceDate "2017.01.17"]
[SourceVersion "1"]
[SourceVersionDate "2017.01.17"]
[SourceQuality "1"]

1. e4 e5 2. Nf3 Nc6 3. Bb5 a6 4. Ba4 Nf6 5. O-O Nxe4 6. Re1 Nc5 7. Bxc6 dxc6 8.
Nxe5 Be6 9. Qh5 Be7 10. Nxf7 Bxf7 11. Qxc5 Qd6 12. Qg5 Kf8 13. Qg3 h5 14. d3 h4
15. Qh3 Rd8 16. Nc3 Qd7 17. Qxd7 Rxd7 18. h3 Rh5 19. Ne4 c5 20. b3 Bd5 21. Bb2
Bc6 22. Re2 b5 23. Nd2 Rg5 24. f3 Rf5 25. a4 bxa4 26. bxa4 Bd5 27. Ba3 Kf7 28.
Rae1 Bd6 29. Ne4 Bc6 30. a5 Be7 31. Nd2 Bf6 32. Rb1 Bb5 33. Bb2 Bg5 34. Nc4
Bxc4 35. dxc4 Bf4 36. Bc3 g5 37. Kf1 Bg3 38. Re4 Re7 39. Rxe7+ Kxe7 40. Ke2 Rf8
41. Rd1 c6 42. Rb1 Kd7 43. Rb7+ Kc8 44. Ra7 Re8+ 45. Kf1 Re6 46. Rxa6 Bc7 47.
Ra8+ Kb7 48. Rf8 Bf4 49. Rd8 Ka6 50. Rd1 Re7 51. Rb1 Re6 52. Be1 Be3 53. Rb8
Rd6 54. Ra8+ Kb7 55. Re8 Bf4 56. Ke2 Rd7 57. Re6 Rd4 58. Re4 Rd6 59. Bxh4 Rd2+
60. Kf1 Rxc2 61. Be1 Bc1 62. Re7+ Ka6 63. Rc7 Rxc4 64. Rxc6+ Kb7 65. Rb6+ Ka8
66. g3 Rc2 67. a6 Ka7 68. Rc6 Be3 69. h4 gxh4 70. gxh4 Bd4 71. f4 c4 72. f5 c3
73. f6 Rc1 74. f7 Bg7 75. Ke2 c2 76. Bf2+ Kb8 77. a7+ Kb7 78. Rb6+ 1-0

[Event "Khanty-Mansiysk FIDE GP (Women)"]
[Site "Khanty-Mansiysk"]
[Date "2016.11.29"]
[Round "9"]
[White "Harika, Dronavalli"]
[Black "Kosteniuk, Alexandra"]
[Result "1/2-1/2"]
[WhiteElo "2543"]
[BlackElo "2555"]
[PlyCount "109"]
[EventDate "2016.11.19"]
[EventType "tourn"]
[EventRounds "11"]
[EventCountry "RUS"]
[EventCategory "10"]
[SourceTitle "CBM 176"]
[Source "ChessBase"]
[SourceDate "2017.01.17"]
[SourceVersion "1"]
[SourceVersionDate "2017.01.17"]
[SourceQuality "1"]

1. e4 e5 2. Nf3 Nf6 3. Nxe5 d6 4. Nf3 Nxe4 5. Qe2 Qe7 6. d3 Nf6 7. Nc3 Bg4 8.
Be3 Nc6 9. h3 Bxf3 10. Qxf3 d5 11. Nxd5 Nxd5 12. Qxd5 Qb4+ 13. Kd1 Qxb2 14. Rc1
Ba3 15. Qe4+ Ne7 16. d4 f5 17. Qe6 f4 18. Bd2 Qxd4 19. Rb1 f3 20. g4 Rd8 21.
Bb5+ Kf8 22. Bd3 Rd6 23. Qe3 Qxe3 24. fxe3 Rb6 25. Rxb6 axb6 26. Rf1 Ke8 27.
Rxf3 Rf8 28. Rf4 Bd6 29. Rxf8+ Kxf8 30. Ke2 g6 31. a4 Kf7 32. Bc3 Nc6 33. Bc4+
Ke7 34. Bd5 Nd8 35. g5 Ne6 36. Bf6+ Kd7 37. Kf3 c6 38. Bc4 Be7 39. h4 Bb4 40.
Kg4 Bd2 41. e4 Nc5 42. e5 Ne6 43. h5 Bc1 44. h6 Bd2 45. Bd3 Nf4 46. Be4 Ke6 47.
c4 Kf7 48. Bb1 Ne6 49. Bc2 Bc3 50. Bb3 Nc5 51. Bc2 Ne6 52. Bb3 Nc5 53. Bc2 Ne6
54. Bb1 Bd2 55. Bc2 1/2-1/2

[Event "Khanty-Mansiysk FIDE GP (Women)"]
[Site "Khanty-Mansiysk"]
[Date "2016.11.30"]
[Round "10"]
[White "Javakhishvili, Lela"]
[Black "Kosteniuk, Alexandra"]
[Result "1/2-1/2"]
[WhiteElo "2461"]
[BlackElo "2555"]
[PlyCount "78"]
[EventDate "2016.11.19"]
[EventType "tourn"]
[EventRounds "11"]
[EventCountry "RUS"]
[EventCategory "10"]
[SourceTitle "CBM 176"]
[Source "ChessBase"]
[SourceDate "2017.01.17"]
[SourceVersion "1"]
[SourceVersionDate "2017.01.17"]
[SourceQuality "1"]

1. d4 Nf6 2. c4 e6 3. Nf3 b6 4. g3 Bb4+ 5. Bd2 Bxd2+ 6. Qxd2 Ba6 7. b3 d5 8.
Bg2 c6 9. O-O O-O 10. Rc1 Nbd7 11. a4 Qe7 12. Na3 Bb7 13. cxd5 exd5 14. a5 Rfc8
15. Nc2 c5 16. a6 Bc6 17. dxc5 bxc5 18. b4 Ne4 19. Qe1 Rab8 20. bxc5 Ndxc5 21.
Nfd4 Ba8 22. Bh3 Re8 23. Ra3 Qf6 24. Rca1 Rb6 25. Bf1 Nd6 26. Rf3 Qg6 27. Rc3
Nde4 28. Rca3 Reb8 29. e3 h5 30. f3 Ng5 31. Rc3 Nxa6 32. Kh1 Qf6 33. Be2 Ne6
34. Nxe6 fxe6 35. Rca3 Nb4 36. Nxb4 Rxb4 37. Rxa7 Bc6 38. Rc1 Rc4 39. Kg1 Rxc1
1/2-1/2